Biathlon - Français.e.s médaillé.e.s olympiques - Statistiques

Statistiques générales
  • Ce quiz a été pris 172 fois
  • Le résultat moyen est 23 sur 56
Statistiques - réponses
Hint Réponse % Correct
Individuel 2014 Martin Fourcade (1)
98%
Poursuite 2014 Martin Fourcade (1)
98%
Poursuite 2018 Martin Fourcade (1)
98%
Mass start 2010 Martin Fourcade (1)
98%
Mass start 2018 Martin Fourcade (1)
98%
Mass start 2014 Martin Fourcade (2)
98%
Individuel 2022 Quentin Fillon Maillet (1)
94%
Poursuite 2022 Quentin Fillon Maillet (1)
94%
Sprint 2022 Quentin Fillon Maillet (2)
94%
Relais 2022 Quentin Fillon Maillet (2)
94%
Relais 2022 Émilien Jacquelin (2)
83%
Mass start 2022 Justine Braisaz-Bouchet
75%
Relais 2018 Justine Braisaz-Bouchet (3)
75%
Relais 2022 Fabien Claude (2)
68%
Relais 2018 Anaïs Chevalier (3)
67%
Relais 2010 Marie Dorin-Habert (2)
60%
Sprint 2010 Marie Dorin-habert (3)
60%
Relais 2018 Marie Dorin-Habert (3)
60%
Relais 2022 Simon Desthieux (2)
57%
Poursuite 2018 Anais Bescond (3)
55%
Relais 2018 Anaïs Bescond (3)
55%
Poursuite 2002 Raphael Poirée (2)
55%
Relais 2002 Raphaël Poirée (3)
55%
Relais 2006 Raphaël Poirée (3)
55%
Poursuite 2006 Vincent Defrasne (1)
35%
Relais 2002 Vincent Defrasne (3)
35%
Relais 2006 Vincent Defrasne (3)
35%
Poursuite 2014 Jean-Guillaume Beatrix (3)
33%
Relais 2010 Sandrine Bailly (2)
32%
Relais 2006 Sandrine Bailly (3)
32%
Individuel 2022 Anais Chevalier-Bouchet (2)
30%
Sprint 2010 Vincent Jay (1)
28%
Poursuite 2010 Vincent Jay (3)
28%
Relais 1992 Corinne Niogret (1)
16%
Relais 1994 Corinne Niogret (3)
16%
Relais 2010 Marie-Laure Brunet (2)
13%
Poursuite 2010 Marie-Laure Brunet (3)
13%
Relais 1992 Anne Briand (1)
11%
Individuel 1994 Anne Briand (2)
11%
Relais 1994 Anne Briand (3)
11%
Sprint 2006 Florence Baverel-Robert (1)
8%
Relais 2006 Florence Baverel-Robert (3)
8%
Relais 2010 Sylvie Becaert (2)
8%
Relais 2006 Sylvie Becaert (3)
8%
Relais 1994 Patrice Bailly-Salins (3)
7%
Relais 2002 Julien Robert (3)
5%
Relais 2006 Julien Robert (3)
5%
Relais 2006 Ferréol Cannard (3)
4%
Relais 1992 Véronique Claudel (1)
4%
Relais 1994 Véronique Claudel (3)
4%
Relais 2006 Delphyne Peretto (3)
2%
Relais 2002 Gilles Marguet (3)
2%
Relais 1994 Hervé Flandin (3)
2%
Relais 1994 Lionel Laurent (3)
1%
Relais 1994 Thierry Dusserre (3)
1%
Relais 1994 Delphyne Heymann (3)
0%
Aucun quiz correspondant
Distribution des résultats
% des personnes avec chaque résultat
Percentile par nombre de réponses
Votre historique - résultats
Vous n’avez pas pris ce quiz